Когнітивно-семантичні аспекти біблійної лексики твору Ден Брауна "Код да Вінчі" (Record no. 284166)

MARC details
000 -LEADER
fixed length control field 01806nam a22001577a 4500
041 ## - LANGUAGE CODE
Language code of text/sound track or separate title ukr
080 ## - UNIVERSAL DECIMAL CLASSIFICATION NUMBER
Universal Decimal Classification number 09
090 ## - LOCALLY ASSIGNED LC-TYPE CALL NUMBER (OCLC); LOCAL CALL NUMBER (OCLC)
Local cutter number (OCLC) ; Book number/undivided call number, CALL (RLIN) МІХ
100 ## - MAIN ENTRY--PERSONAL NAME
Personal name Міхневич Г.О.
245 ## - TITLE STATEMENT
Title Когнітивно-семантичні аспекти біблійної лексики твору Ден Брауна "Код да Вінчі"
260 ## - PUBLICATION, DISTRIBUTION, ETC. (IMPRINT)
Place of publication, distribution, etc Острог
Name of publisher, distributor, etc КАФ
Date of publication, distribution, etc 2009
300 ## - PHYSICAL DESCRIPTION
Extent 81
520 ## - SUMMARY, ETC.
Summary, etc ВСТУП<br/>РОЗДІЛ 1 СЕМАНТИКА ЯК РОЗДІЛ МОВОЗНАВСТВА<br/>1.1 Семантична система мови.<br/>1.2 Системність лексичної системи мови.<br/>1.3 Синоніми як категорія лексико-семантичного поля.<br/>РОЗДІЛ 2 КОНЦЕПТУАЛЬНИЙ АНАЛІЗ<br/>2.1 Поняття концепту.<br/>2.2 Процеси формування концептів.<br/>2.3 Вербалізація концепту.<br/>РОЗДІЛ 3 АНАЛІЗ БІБЛІЙНОЇ ЛЕКСИКИ ТВОРУ ДЕН БРАУНА "КОД ДА ВІНЧІ"<br/>3.1 Біблійна лексика, використана для характеристики людини.<br/>3.2 Біблійна лексика, що використовується на позначення імені Бога.<br/>3.3 Біблійна лексика на позначення продуктів харчування.<br/>РОЗДІЛ 4 ВЕРБАЛІЗАЦІЯ КОНЦЕПТУ ДУША В АНГЛІЙСЬКІЙ ТА УКРАЇНСЬКІЙ МОВАХ<br/>4.1 Підходи до вивчення та розуміння душі.<br/>4.2 Концепт ДУША в англійській та укріїнській мовах.<br/>ВИСНОВКИ
-- семантика,концептуальний аналіз,Ден Браун
650 ## - SUBJECT ADDED ENTRY--TOPICAL TERM
Topical term or geographic name as entry element Research Papers
942 ## - ADDED ENTRY ELEMENTS (KOHA)
Koha item type Books
Holdings
Withdrawn status Lost status Source of classification or shelving scheme Damaged status Not for loan Home library Current library Date acquired Source of acquisition Cost, normal purchase price Total Checkouts Full call number Barcode Date last seen Price effective from Koha item type
    Universal Decimal Classification     ВІЛ - Відділ іноземн. літератури НБ ВІЛ - Відділ іноземн. літератури НБ 16/04/2009 Акт №1 1.00   09 213469 15/12/2021 16/04/2009 Books